| 000 | 00821nam a22002537a 4500 | ||
|---|---|---|---|
| 005 | 20160121110039.0 | ||
| 008 | 091030s2009 nyua b 001 0 eng d | ||
| 020 | _a9780071621366 (pbk.) | ||
| 020 | _a0071621369 (pbk.) | ||
| 041 | 0 | _aeng | |
| 080 | _a336.7 | ||
| 100 | 1 | _aSchepp, Brad. | |
| 245 | 1 | 0 |
_aHow to make money with YouTube : _cBrad and Debra Schepp. |
| 260 |
_aNew York : _bMcGraw-Hill Professional, _c2009. |
||
| 300 |
_a223 f. : _bme il.; _c23 cm. |
||
| 505 | _aIndeks: f. 215 - 223 | ||
| 630 | 0 | 0 | _aYouTube (Electronic resource) |
| 650 | 0 | _aParaja | |
| 650 | 0 | _aInternetit | |
| 650 | 0 | _aMarketing | |
| 650 | 0 | _aRrjetet sociale | |
| 700 | 1 | _aSchepp, Debra. | |
| 942 |
_2udc _cBK |
||
| 999 |
_c656 _d656 |
||